[Event "World Blitz"]
[Site "Moscow RUS"]
[Date "2007.11.21"]
[Round "16"]
[White "Grischuk, A."]
[Black "Gelfand, B."]
[Result "1-0"]
[WhiteElo "2715"]
[BlackElo "2736"]
[PlyCount "61"]
[EventDate "2007.11.21"]
[Source "www.chesslib.no"]
[SourceDate "2004.05.04"]

1. e4 e6 2. d4 d5 3. e5 c5 4. c3 Nc6 5. Ne2 Nh6 6. g3 Nf5 7. Bh3 cxd4 8. cxd4 Qb6 9. Bxf5 exf5 10. Nbc3 Be6 11. Rb1 Be7 12. h4 h6 13. Be3 Qa6 14. h5 O-O-O 15. O-O Kb8 16. Nf4 Bg5 17. Nd3 b6 18. a4 f4 19. Nxf4 Bxf4 20. Bxf4 g5 21. Be3 Qc8 22. f3 a6 23. Rc1 Qd7 24. b4 Nxb4 25. Qb3 a5 26. Nb5 Rc8 27. Nd6 Rc4 28. Bd2 f6 29. Qe3 fxe5 30. Nxc4 dxc4 31. Qxe5+ 1-0

[Event "Amber-blind 12th"]
[Site "Monte Carlo"]
[Date "2003.03.27"]
[Round "11"]
[White "Ivanchuk, Vassily"]
[Black "Bareev, Evgeny"]
[Result "1/2-1/2"]
[WhiteElo "2699"]
[BlackElo "2729"]
[PlyCount "41"]
[EventDate "2003.03.15"]
[Source "ChessBase"]
[SourceDate "2003.05.09"]

1. e4 e6 2. d4 d5 3. e5 c5 4. c3 Nc6 5. Nf3 Qb6 6. a3 c4 7. Nbd2 Na5 8. g3 Bd7 9. h4 Ne7 10. Ng5 h6 11. Nh3 O-O-O 12. Nf4 Kb8 13. Be2 Qc7 14. Kf1 Nc8 15. Bh5 g6 16. Be2 Nb6 17. Qe1 Ba4 18. Kg2 Qc6 19. Bd1 Be7 20. Rb1 Bxd1 21. Qxd1 1/2-1/2

[Event "FIDE GP"]
[Site "Dubai"]
[Date "2002.04.03"]
[Round "1.2"]
[White "Ivanchuk, Vassily"]
[Black "Bareev, Evgeny"]
[Result "1/2-1/2"]
[WhiteElo "2717"]
[BlackElo "2707"]
[PlyCount "100"]
[EventDate "2002.04.03"]
[Source "ChessBase"]
[SourceDate "2002.08.12"]

1. e4 e6 2. d4 d5 3. e5 c5 4. c3 Nc6 5. Nf3 Qb6 6. a3 Nh6 7. b4 cxd4 8. cxd4 Nf5 9. Bb2 Bd7 10. g4 Nfe7 11. Nc3 Na5 12. Nd2 Rc8 13. Rc1 h5 14. Rc2 Nc4 15. Bxc4 dxc4 16. Nce4 Nd5 17. Nxc4 Rxc4 18. Rxc4 a5 19. O-O axb4 20. axb4 Qd8 21. Bc1 Bb5 22. Bg5 f6 23. exf6 gxf6 24. Rc5 Bxc5 25. dxc5 Bxf1 26. Nxf6+ Kf7 27. Ne4 Qc7 28. Nd6+ Kg8 29. Qxf1 Qg7 30. Qe2 Qg6 31. h4 hxg4 32. Qxg4 Kh7 33. b5 Ra8 34. Qf3 Kg8 35. Kh2 Rf8 36. Qe2 Nc3 37. Qe1 Rf3 38. c6 bxc6 39. b6 Qd3 40. Qxe6+ Kh7 41. Be3 Rxe3 42. Qf7+ Kh8 43. Qf6+ Kh7 44. fxe3 Qd2+ 45. Kh3 Qxe3+ 46. Kg4 Qg1+ 47. Kf5 Qf2+ 48. Ke6 Qxf6+ 49. Kxf6 Nd5+ 50. Ke5 Nxb6 1/2-1/2

[Event "Bundesliga 9900"]
[Site "Germany"]
[Date "2000.02.19"]
[Round "10"]
[White "Movsesian, Sergei"]
[Black "Shirov, Alexei"]
[Result "0-1"]
[WhiteElo "2668"]
[BlackElo "2751"]
[PlyCount "92"]
[EventDate "1999.10.??"]
[Source "ChessBase"]
[SourceDate "2000.03.10"]

1. e4 e6 2. d4 d5 3. e5 c5 4. c3 Nc6 5. Nf3 Bd7 6. Be2 f6 7. O-O fxe5 8. dxe5 Qc7 9. Re1 O-O-O 10. Bd3 Nh6 11. Na3 a6 12. Bg5 Re8 13. Bf4 Be7 14. Qd2 Ref8 15. Nc2 c4 16. Bf1 Rhg8 17. Bxh6 gxh6 18. Ncd4 Bg5 19. Qe2 h5 20. Nxc6 Bxc6 21. Nd4 Rg6 22. b3 cxb3 23. axb3 Bd7 24. c4 dxc4 25. bxc4 Be7 26. c5 Bxc5 27. Rec1 Kb8 28. Rab1 b5 29. Qc2 Bb6 30. Qb2 Qb7 31. g3 Rg4 32. Rd1 Qa7 33. Qa3 Bc5 34. Bxb5 axb5 35. Nxb5 Bxf2+ 36. Kg2 Bc6+ 37. Kh3 Qxa3 38. Nxa3+ Kc7 39. Rbc1 Kb7 40. Rb1+ Kc7 41. Rbc1 Kb7 42. Rd6 Be4 43. Nc4 Rff4 44. Na5+ Ka8 45. Rd8+ Ka7 46. Nc6+ Kb6 0-1

[Event "34. Olympiad"]
[Site "?"]
[Date "2000.11.12"]
[Round "14"]
[White "Movsesian Sergei"]
[Black "Shirov Alexei D"]
[Result "1/2-1/2"]
[WhiteElo "2666"]
[BlackElo "2746"]
[PlyCount "37"]
[EventDate "2000.??.??"]
[Source "www.chesslib.no"]
[SourceDate "2004.05.04"]

1. e4 e6 2. d4 d5 3. e5 c5 4. c3 Nc6 5. Nf3 Bd7 6. Be2 f6 7. O-O fxe5 8. Nxe5 Nxe5 9. dxe5 Qc7 10. Re1 O-O-O 11. c4 Qxe5 12. Bf3 Qd6 13. cxd5 exd5 14. Nc3 Nf6 15. Nxd5 Nxd5 16. Qxd5 Qxd5 17. Bxd5 Bf5 18. Bf3 Bd6 19. Be3 1/2-1/2

[Event "EUCup 17th"]
[Site "Panormo"]
[Date "2001.09.25"]
[Round "3"]
[White "Grischuk, Alexander"]
[Black "Bareev, Evgeny"]
[Result "1-0"]
[WhiteElo "2669"]
[BlackElo "2719"]
[PlyCount "33"]
[EventDate "2001.09.22"]
[Source "ChessBase"]
[SourceDate "2001.10.26"]

1. e4 e6 2. d4 d5 3. e5 c5 4. c3 Nc6 5. Nf3 Nh6 6. Bd3 cxd4 7. Bxh6 gxh6 8. cxd4 Bd7 9. Nc3 Qb6 10. Bb5 Rg8 11. O-O Nxe5 12. Nxe5 Bxb5 13. Qh5 Rg7 14. Rfe1 Rd8 15. Nxb5 Qxb5 16. Nxf7 Rxf7 17. Rxe6+ 1-0

[Event "RUS-The World"]
[Site "Moscow"]
[Date "2002.09.08"]
[Round "2"]
[White "Grischuk, Alexander"]
[Black "Short, Nigel D"]
[Result "1/2-1/2"]
[WhiteElo "2702"]
[BlackElo "2682"]
[PlyCount "72"]
[EventDate "2002.09.08"]
[Source "ChessBase"]
[SourceDate "2002.11.12"]

1. e4 e6 2. d4 d5 3. e5 c5 4. c3 Nc6 5. Nf3 Nge7 6. Na3 cxd4 7. cxd4 Nf5 8. Nc2 Nh4 9. Nxh4 Qxh4 10. Be2 Bd7 11. O-O f5 12. b4 Qd8 13. Qd2 Be7 14. a4 a6 15. Bb2 O-O 16. Bc3 Qe8 17. b5 axb5 18. axb5 Rxa1 19. Rxa1 Nd8 20. Bb4 Bxb4 21. Qxb4 Nf7 22. f4 g5 23. g3 Kh8 24. Ne3 gxf4 25. gxf4 Rg8+ 26. Kh1 Nh6 27. Rg1 Rxg1+ 28. Kxg1 Ng8 29. Kf2 Qd8 30. Kg3 Ne7 31. h4 Nc8 32. h5 Kg7 33. Nd1 h6 34. Nc3 Qc7 35. Kf2 b6 36. Ke3 Be8 1/2-1/2

[Event "Rubinstein mem 35th"]
[Site "Polanica Zdroj"]
[Date "1998.08.20"]
[Round "4"]
[White "Oll, Lembit"]
[Black "Ivanchuk, Vassily"]
[Result "1/2-1/2"]
[WhiteElo "2650"]
[BlackElo "2730"]
[PlyCount "50"]
[EventDate "1998.08.17"]
[Source "ChessBase"]
[SourceDate "1998.11.30"]

1. e4 e6 2. d4 d5 3. e5 c5 4. c3 Nc6 5. Nf3 Bd7 6. Be2 Rc8 7. O-O a6 8. dxc5 Bxc5 9. Bf4 Nge7 10. Bd3 f5 11. exf6 gxf6 12. Nh4 O-O 13. Qg4+ Kh8 14. Qh5 f5 15. b4 Bb6 16. Nd2 Bc7 17. Be3 e5 18. b5 axb5 19. Bxb5 Qe8 20. Qxe8 Rcxe8 21. Nb3 f4 22. Bc5 b6 23. Ba3 Nb8 24. Be2 Nbc6 25. Bb5 Nb8 1/2-1/2

[Event "Geneve Credit Suisse"]
[Site "Geneve"]
[Date "1996.??.??"]
[Round "1.1"]
[White "Short, Nigel D"]
[Black "Bareev, Evgeny"]
[Result "1-0"]
[WhiteElo "2695"]
[BlackElo "2655"]
[PlyCount "69"]
[EventDate "1996.08.29"]
[Source "ChessBase"]

1. e4 e6 2. d4 d5 3. e5 c5 4. c3 Nc6 5. Nf3 Qb6 6. a3 Nh6 7. b4 cxd4 8. cxd4 Nf5 9. Bb2 Be7 10. Be2 O-O 11. O-O a5 12. b5 a4 13. Kh1 Na5 14. Nc3 Nc4 15. Bxc4 dxc4 16. Qd2 Bd7 17. Rab1 Qa5 18. d5 exd5 19. Qxd5 Be6 20. Qxb7 Rfb8 21. Qe4 Bxa3 22. Ba1 Bf8 23. g4 Ne7 24. Ng5 Ng6 25. Nxe6 fxe6 26. Qxc4 Kh8 27. Ne4 Re8 28. Nd6 Re7 29. f4 Rb8 30. f5 Qa8+ 31. Qc6 Nh4 32. Qxa8 Rxa8 33. b6 Rb8 34. b7 exf5 35. Rfc1 1-0

[Event "Bled (ol) 86/262"]
[Site "?"]
[Date "2002.??.??"]
[Round "?"]
[White "Grischuk, A."]
[Black "Graf, A."]
[Result "1-0"]
[WhiteElo "2702"]
[BlackElo "2635"]
[PlyCount "67"]
[EventDate "2002.??.??"]
[Source "Chess Informant"]
[SourceDate "2002.10.01"]

1. e4 e6 2. d4 d5 3. e5 c5 4. c3 Nc6 5. Nf3 Bd7 6. Be2 Nge7 7. Na3 Ng6 8. h4 cxd4 9. cxd4 Bxa3 10. bxa3 h6 11. h5 Nge7 12. O-O Na5 13. Rb1 Bc6 14. Bd3 Nc4 15. Nh4 Qa5 16. Qg4 Kd7 17. Rb4 Rag8 18. f4 f5 19. exf6 gxf6 20. Qe2 Nd6 21. f5 exf5 22. Nxf5 Nexf5 23. Bxf5+ Nxf5 24. Rxf5 Qd8 25. Rb3 Rh7 26. Qf3 Kc8 27. Rxf6 Re8 28. Rxc6+ bxc6 29. Qg4+ Qd7 30. Qg3 Kd8 31. Bxh6 Rxh6 32. Rb8+ Ke7 33. Qg7+ Kd6 34. Qxh6+ 1-0

[Event "Kallithea 86/261"]
[Site "?"]
[Date "2002.??.??"]
[Round "?"]
[White "Shirov, A."]
[Black "Volkov, S."]
[Result "1/2-1/2"]
[WhiteElo "2697"]
[BlackElo "2636"]
[PlyCount "82"]
[EventDate "2002.??.??"]
[Source "Chess Informant"]
[SourceDate "2002.10.01"]

1. e4 e6 2. d4 d5 3. e5 c5 4. c3 Qb6 5. Nf3 Bd7 6. a3 a5 7. Be2 a4 8. O-O Nc6 9. Bd3 Na5 10. Bc2 Nc4 11. Ng5 Be7 12. Nxh7 g6 13. Ng5 Nh6 14. Ra2 Nf5 15. Nf3 cxd4 16. cxd4 Nh4 17. Ne1 Nf5 18. Nf3 Nh4 19. Ne1 Nf5 20. Bxf5 gxf5 21. Nf3 Rg8 22. Nbd2 Bc6 23. Re1 Kd7 24. Nf1 Ra5 25. Ng3 Rb5 26. Nh5 Kc7 27. Nf6 Rf8 28. Re2 Rb3 29. h4 Rh8 30. h5 Rxf3 31. gxf3 Bxf6 32. exf6 Rxh5 33. Rxe6 fxe6 34. f7 Rh8 35. Bh6 Kd7 36. f8=Q Rxf8 37. Bxf8 Qd8 38. Bb4 Qg5+ 39. Kh2 Qh5+ 40. Kg2 Qg6+ 41. Kh2 Qh6+ 1/2-1/2

[Event "EUCup 18th"]
[Site "?"]
[Date "2002.09.23"]
[Round "2"]
[White "Bareev Evgeny"]
[Black "Eingorn Vereslav S"]
[Result "1/2-1/2"]
[WhiteElo "2726"]
[BlackElo "2604"]
[PlyCount "119"]
[EventDate "2002.??.??"]
[Source "www.chesslib.no"]
[SourceDate "2004.05.04"]

1. d4 e6 2. e4 d5 3. e5 c5 4. c3 Qb6 5. Nf3 Bd7 6. Nbd2 cxd4 7. Nxd4 Nc6 8. N2f3 Nxd4 9. Nxd4 Bc5 10. Qg4 Ne7 11. Bd3 Bxd4 12. Qxd4 Qxd4 13. cxd4 Nf5 14. Be3 Nxe3 15. fxe3 Rc8 16. Kd2 h6 17. Rhf1 O-O 18. b4 f6 19. exf6 Rxf6 20. Rf4 Kf7 21. h4 Ke7 22. g3 Rcf8 23. h5 Rc8 24. b5 Be8 25. Rh1 Kd6 26. Rh2 a6 27. Rg4 Rf7 28. b6 Re7 29. Rh1 Rc6 30. Rb1 Bxh5 31. Rh4 Be8 32. Bxa6 Bg6 33. Rb2 Rc8 34. Bb5 Be8 35. a4 Ra8 36. Rf4 Bxb5 37. axb5 e5 38. dxe5+ Kxe5 39. Rc2 Rd8 40. Rc7 Ke6 41. Ke2 Rd6 42. Rf5 Rdd7 43. e4 dxe4 44. Rfc5 Kd6 45. Rxd7+ Rxd7 46. Rc8 Re7 47. Ke3 Re5 48. Rc7 Rg5 49. Rxb7 Kc5 50. Kf4 Kxb5 51. Re7 Kxb6 52. Rxe4 Kc6 53. Rd4 Ra5 54. Rd8 Kc7 55. Rd3 h5 56. Kf3 Kc6 57. Rd8 g5 58. Rh8 g4+ 59. Kf4 Kd7 60. Rg8 1/2-1/2

[Event "Bled (ol) 86/266"]
[Site "?"]
[Date "2002.??.??"]
[Round "?"]
[White "Grischuk, A."]
[Black "Lputian, S."]
[Result "0-1"]
[WhiteElo "2702"]
[BlackElo "2627"]
[PlyCount "90"]
[EventDate "2002.??.??"]
[Source "Chess Informant"]
[SourceDate "2002.10.01"]

1. e4 e6 2. d4 d5 3. e5 c5 4. c3 Nc6 5. Nf3 Qb6 6. a3 Nh6 7. b4 cxd4 8. cxd4 Nf5 9. Bb2 Be7 10. h4 h5 11. Bd3 a5 12. Bxf5 exf5 13. Nc3 Be6 14. b5 a4 15. Qd3 Na7 16. O-O Rc8 17. Bc1 Rc4 18. Rd1 Nxb5 19. Ne2 Qc6 20. Bg5 Bxg5 21. Nxg5 Nc3 22. Nxc3 Rxc3 23. Qe2 g6 24. Rd3 O-O 25. Rad1 Rc8 26. Rxc3 Qxc3 27. Qb5 Qb3 28. Rb1 Rc1+ 29. Kh2 Qxb5 30. Rxb5 Rc4 31. Rxb7 Rxd4 32. Nxe6 fxe6 33. Re7 Rxh4+ 34. Kg3 Re4 35. Rxe6 Kf7 36. Rf6+ Ke7 37. Rxg6 Rg4+ 38. Rxg4 fxg4 39. Kf4 Kf7 40. f3 gxf3 41. Kxf3 Ke6 42. Kf4 h4 43. Kg4 Kxe5 44. Kxh4 Kf4 45. g3+ Kf3 0-1

[Event "Dortmund SuperGM"]
[Site "Dortmund"]
[Date "2000.07.12"]
[Round "5"]
[White "Khalifman, Alexander"]
[Black "Akopian, Vladimir"]
[Result "1/2-1/2"]
[WhiteElo "2667"]
[BlackElo "2660"]
[PlyCount "47"]
[EventDate "2000.07.07"]
[Source "ChessBase"]
[SourceDate "2000.10.18"]

1. e4 e6 2. d4 d5 3. e5 c5 4. c3 Nc6 5. Nf3 Nh6 6. Bd3 cxd4 7. cxd4 Nf5 8. Bxf5 exf5 9. Nc3 Be6 10. h4 h6 11. h5 Be7 12. Ne2 Qa5+ 13. Kf1 Rc8 14. Kg1 Kd7 15. Nf4 Rc7 16. Rh3 Rhc8 17. Rg3 Bf8 18. Bd2 Qa6 19. Bc3 Ke8 20. Ne1 Qb6 21. Nc2 Rd7 22. Qd2 a5 23. Ne3 a4 24. Nc2 1/2-1/2

[Event "WchT 4th"]
[Site "Luzern"]
[Date "1997.11.02"]
[Round "9"]
[White "Adams, Michael"]
[Black "Vaganian, Rafael A"]
[Result "1/2-1/2"]
[WhiteElo "2680"]
[BlackElo "2640"]
[PlyCount "59"]
[EventDate "1997.10.??"]
[Source "ChessBase"]
[SourceDate "1998.01.31"]

1. e4 e6 2. d4 d5 3. e5 c5 4. c3 Nc6 5. Nf3 Nh6 6. Bd3 cxd4 7. cxd4 Nf5 8. Bxf5 exf5 9. Nc3 Be6 10. Ne2 h6 11. h4 g6 12. Bd2 Qb6 13. Rb1 a5 14. Kf1 Be7 15. Kg1 Kd7 16. a3 Qa6 17. Be3 a4 18. Nf4 g5 19. hxg5 hxg5 20. Rxh8 Rxh8 21. Nxe6 fxe6 22. Bxg5 Bxg5 23. Nxg5 Rh4 24. Nf3 Rg4 25. b3 axb3 26. Rxb3 Kc8 27. Qc1 Qe2 28. Re3 Qb5 29. Qc2 Qb6 30. Rb3 1/2-1/2

[Event "Reykjavik op 19th"]
[Site "Reykjavik"]
[Date "2000.04.10"]
[Round "6"]
[White "Timman, Jan H"]
[Black "Kortschnoj, Viktor"]
[Result "1/2-1/2"]
[WhiteElo "2655"]
[BlackElo "2659"]
[PlyCount "44"]
[EventDate "2000.04.05"]
[Source "ChessBase"]
[SourceDate "2000.05.11"]

1. e4 e6 2. d4 d5 3. e5 c5 4. c3 Qb6 5. Nf3 Nc6 6. a3 Nge7 7. dxc5 Qxc5 8. Bd3 Ng6 9. Qe2 Qb6 10. O-O Be7 11. c4 dxc4 12. Bxc4 O-O 13. b4 Ncxe5 14. Nxe5 Nxe5 15. Bb3 Nc6 16. Be3 Nd4 17. Qd1 e5 18. Nc3 Be6 19. Nd5 Bxd5 20. Bxd5 Qb5 21. Be4 Rac8 22. Bxh7+ Kxh7 1/2-1/2

[Event "Wijk aan Zee 83/240"]
[Site "?"]
[Date "2002.??.??"]
[Round "?"]
[White "Grischuk, A."]
[Black "Gurevich, M."]
[Result "1/2-1/2"]
[WhiteElo "2671"]
[BlackElo "2641"]
[PlyCount "84"]
[EventDate "2002.??.??"]
[Source "Chess Informant"]
[SourceDate "2001.10.01"]

1. e4 e6 2. d4 d5 3. e5 c5 4. c3 Bd7 5. Nf3 Qb6 6. Bd3 cxd4 7. Nxd4 Nc6 8. Nxc6 Bxc6 9. Qe2 Ne7 10. Nd2 Ng6 11. Nf3 Be7 12. O-O Qc7 13. Bd2 Bd7 14. Rae1 O-O 15. Nd4 Bc5 16. Qh5 Bxd4 17. cxd4 f5 18. exf6 Rxf6 19. Bg5 Rf7 20. Bxg6 hxg6 21. Qxg6 Qb6 22. Rd1 Qxb2 23. Rd2 Qc3 24. h4 Raf8 25. Rb1 b6 26. Rb3 Qa1+ 27. Rb1 Qc3 28. Rb3 Qa1+ 29. Kh2 Qe1 30. Rb1 Qe4 31. Qxe4 dxe4 32. Kg3 Rc8 33. Rb3 Rc4 34. Bf4 Bc6 35. Be5 Bd5 36. Ra3 b5 37. Rb2 b4 38. Ra4 Rc3+ 39. Kg4 e3 40. fxe3 Rxe3 41. Raxb4 Kh7 42. Rb8 Re4+ 1/2-1/2

[Event "Munich SKA"]
[Site "Munich"]
[Date "1994.??.??"]
[Round "10"]
[White "Benjamin, Joel"]
[Black "Bareev, Evgeny"]
[Result "1/2-1/2"]
[WhiteElo "2620"]
[BlackElo "2685"]
[PlyCount "86"]
[EventDate "1994.05.??"]
[Source "ChessBase"]

1. e4 e6 2. d4 d5 3. e5 c5 4. c3 Nc6 5. Nf3 Qb6 6. Be2 cxd4 7. cxd4 Nge7 8. Na3 Nf5 9. Nc2 Bb4+ 10. Kf1 Be7 11. h4 h5 12. b4 Bd7 13. a3 Rc8 14. g3 Nd8 15. Ne3 Bb5 16. Bxb5+ Qxb5+ 17. Kg2 Rc3 18. Re1 Nxe3+ 19. Rxe3 Rc4 20. Rd3 Nc6 21. Be3 Bd8 22. a4 Qxb4 23. Rb3 Qe7 24. Bg5 Qd7 25. Bxd8 Nxd8 26. a5 Qc7 27. Qd2 Rh6 28. Qg5 Kf8 29. Rab1 Kg8 30. R1b2 Rc1 31. Rb1 Rxb1 32. Rxb1 a6 33. Rc1 Nc6 34. Rc5 Qd7 35. Qe3 Rh8 36. Ng5 Qe7 37. Rc3 Kf8 38. Qf4 Ke8 39. Rf3 Nd8 40. Rc3 Qd7 41. Qc1 Nc6 42. Rf3 Nd8 43. Rc3 Nc6 1/2-1/2

[Event "Camp. russo a squadre 2007"]
[Site "Sochi RUS"]
[Date "2007.05.03"]
[Round "2"]
[White "Shirov, A."]
[Black "Roiz, M."]
[Result "1-0"]
[WhiteElo "2699"]
[BlackElo "2605"]
[PlyCount "85"]
[EventDate "2007.05.02"]
[Source "www.chesslib.no"]
[SourceDate "2004.05.04"]

1. e4 e6 2. d4 d5 3. e5 c5 4. c3 Nc6 5. Nf3 Bd7 6. Be2 Nge7 7. Na3 cxd4 8. cxd4 Qb6 9. O-O Nb4 10. h4 a6 11. Bf4 Nc8 12. Qd2 Na7 13. Rfc1 h6 14. Rc3 Be7 15. h5 Ba4 16. b3 Bd7 17. Nc2 Nb5 18. Bxb5 axb5 19. Ne3 Ra3 20. Rcc1 Qa5 21. Nc2 Nxc2 22. Qxc2 Bc6 23. Rd1 Qa7 24. Qd2 Kd7 25. Rdb1 Ra8 26. Rb2 Qa5 27. Qd3 Qd8 28. Ne1 R3a6 29. Qg3 Qh8 30. Qd3 R8a7 31. Bd2 Ba3 32. Rc2 Be7 33. Qf3 Ke8 34. Nd3 Qh7 35. Bb4 Qe4 36. Bxe7 Qxd4 37. Bc5 Qxa1+ 38. Rc1 Qxa2 39. Qg4 b6 40. Bd6 Qd2 41. Qxg7 Qg5 42. Qf8+ Kd7 43. Nf4 1-0

[Event "RUS-chT"]
[Site "Tomsk"]
[Date "2001.05.21"]
[Round "8"]
[White "Grischuk, Alexander"]
[Black "Sakaev, Konstantin"]
[Result "1/2-1/2"]
[WhiteElo "2667"]
[BlackElo "2637"]
[PlyCount "100"]
[EventDate "2001.05.13"]
[Source "ChessBase"]
[SourceDate "2001.07.03"]

1. e4 e6 2. d4 d5 3. e5 c5 4. c3 Nc6 5. Nf3 Qb6 6. a3 Nh6 7. b4 cxd4 8. cxd4 Nf5 9. Bb2 Be7 10. h4 h5 11. Bd3 g6 12. Bxf5 gxf5 13. Nc3 Rg8 14. Ng5 Qxd4 15. Qxd4 Nxd4 16. Nxd5 Nc2+ 17. Kd2 exd5 18. Kxc2 Bxg5 19. hxg5 Rxg5 20. Bd4 Be6 21. g3 Kd7 22. Be3 Rg4 23. Bf4 Rgg8 24. Kd3 Rgc8 25. Rac1 Rc4 26. Rxh5 a5 27. Rxc4 dxc4+ 28. Kc3 Kc6 29. a4 Rd8 30. b5+ Kc7 31. Kc2 Rd3 32. Bd2 b6 33. Rh4 Ra3 34. Kb2 Rb3+ 35. Kc2 Ra3 36. Kb2 Rd3 37. Kc2 Bd5 38. Bc3 Be4 39. Kb2 Rd1 40. e6 fxe6 41. Be5+ Kd7 42. Rh7+ Ke8 43. Rh8+ Kf7 44. Rb8 Rd3 45. Bc3 Rf3 46. Rxb6 Rxf2+ 47. Ka3 Rf3 48. Kb2 Rf2+ 49. Ka3 Rf3 50. Kb2 Rf2+ 1/2-1/2

[Event "It (Men) Edmonton CAN"]
[Site "?"]
[Date "2005.07.16"]
[Round "8"]
[White "Shabalov Alexander"]
[Black "Shirov Alexei D"]
[Result "0-1"]
[WhiteElo "2593"]
[BlackElo "2705"]
[PlyCount "60"]
[EventDate "2005.??.??"]
[Source "www.chesslib.no"]
[SourceDate "2004.05.04"]

1. e4 e6 2. d4 d5 3. e5 c5 4. c3 Nc6 5. Nf3 Bd7 6. Be2 Nge7 7. Na3 cxd4 8. cxd4 Nf5 9. Nc2 Qb6 10. O-O Na5 11. g4 Ne7 12. Nfe1 Bb5 13. Nd3 h5 14. gxh5 Nf5 15. Be3 Nc6 16. a4 Bc4 17. b4 Qd8 18. Bg4 Nxe3 19. fxe3 Qg5 20. h3 Rxh5 21. Qf3 O-O-O 22. Qxf7 Rxh3 23. Qxe6+ Kb8 24. Rxf8 Rg3+ 25. Kf2 Rxg4 26. Qd6+ Ka8 27. Rxd8+ Nxd8 28. Qd7 Rg2+ 29. Ke1 Qg3+ 30. Kd1 Qf3+ 0-1

[Event "Campionato europeo 2007"]
[Site "Dresda GER"]
[Date "2007.04.09"]
[Round "7"]
[White "Volokitin, Andrei"]
[Black "Volkov Sergey"]
[Result "1-0"]
[WhiteElo "2654"]
[BlackElo "2640"]
[PlyCount "55"]
[EventDate "2007.04.03"]
[Source "www.chesslib.no"]
[SourceDate "2004.05.04"]

1. e4 e6 2. d4 d5 3. e5 c5 4. c3 Qb6 5. Nf3 Bd7 6. Bd3 cxd4 7. Nxd4 Bc5 8. Qg4 Ne7 9. Qxg7 Rg8 10. Qf6 Rxg2 11. Bxh7 Bxd4 12. cxd4 Qxd4 13. Nc3 Qg4 14. h4 Qh5 15. Kf1 Rxf2+ 16. Kxf2 Qxh7 17. Bg5 Nbc6 18. Rac1 O-O-O 19. b4 Kb8 20. b5 Ng8 21. Qf4 Nce7 22. a4 Rc8 23. Ne2 Nf5 24. Rxc8+ Bxc8 25. Rc1 Qg7 26. Qb4 Ngh6 27. Qc5 Ng4+ 28. Ke1 1-0

[Event "Bundesliga 1999-2000"]
[Site "?"]
[Date "1999.11.07"]
[Round "4"]
[White "Timman Jan Hein"]
[Black "Gurevich Mikhail N"]
[Result "1-0"]
[WhiteElo "2650"]
[BlackElo "2643"]
[PlyCount "71"]
[EventDate "1999.??.??"]
[Source "www.chesslib.no"]
[SourceDate "2004.05.04"]

1. e4 e6 2. d4 d5 3. e5 c5 4. c3 Nc6 5. Nf3 Bd7 6. Be2 Nge7 7. O-O Nf5 8. Bd3 cxd4 9. Bxf5 exf5 10. Nxd4 Be7 11. Re1 Be6 12. Be3 O-O 13. Nd2 Nxd4 14. Bxd4 Qd7 15. f4 Rfc8 16. Nf1 a5 17. a3 Ra6 18. Ne3 g6 19. Qe2 h5 20. Red1 b5 21. a4 Rb8 22. Ra2 Raa8 23. axb5 Rxb5 24. b4 Qc6 25. Rda1 Bd8 26. h3 h4 27. Kh2 Bc8 28. Qe1 Bb7 29. bxa5 Rbxa5 30. Rxa5 Rxa5 31. Rxa5 Bxa5 32. Qxh4 Bxc3 33. Qd8+ Kh7 34. e6 Bxd4 35. exf7 Bxe3 36. Qg8+ 1-0

[Event "Tan Chin Nam Cup 6th"]
[Site "Beijing"]
[Date "2000.07.17"]
[Round "9"]
[White "Peng Xiaomin"]
[Black "Zhang Zhong"]
[Result "1/2-1/2"]
[WhiteElo "2657"]
[BlackElo "2636"]
[PlyCount "28"]
[EventDate "2000.07.03"]
[Source "ChessBase"]
[SourceDate "2000.10.18"]

1. e4 e6 2. d4 d5 3. e5 c5 4. c3 Nc6 5. Nf3 Bd7 6. a3 c4 7. Nbd2 Na5 8. g3 Ne7 9. Bg2 Nc8 10. O-O Nb6 11. Ne1 Qc7 12. f4 h5 13. Nc2 O-O-O 14. Ne3 f5 1/2-1/2

[Event "Mind Sports Games - Blitz Ind"]
[Site "Pechino CINA"]
[Date "2008.10.04"]
[Round "1"]
[White "Sandipan, C."]
[Black "Ni Hua"]
[Result "0-1"]
[WhiteElo "2579"]
[BlackElo "2710"]
[PlyCount "74"]
[EventDate "2008.10.04"]
[Source "www.chesslib.no"]
[SourceDate "2004.05.04"]

1. e4 e6 2. d4 d5 3. e5 c5 4. c3 Nc6 5. Nf3 Bd7 6. Be2 cxd4 7. cxd4 Nge7 8. O-O Nf5 9. Nc3 Be7 10. Be3 O-O 11. Bd3 Nxe3 12. fxe3 f5 13. exf6 Bxf6 14. Qc2 h6 15. Qe2 Qe7 16. Rad1 g5 17. h3 Qg7 18. Bb1 Rad8 19. Nh2 Be7 20. a3 Rxf1+ 21. Nxf1 Bd6 22. Qd3 Rf8 23. Nb5 Bb8 24. e4 a6 25. Nc3 Qxd4+ 26. Qxd4 Nxd4 27. exd5 exd5 28. Ba2 Bc6 29. Kh1 Ba7 30. Nxd5 Kg7 31. Nb4 Ne2 32. Kh2 Bb8+ 33. Kh1 Rxf1+ 34. Rxf1 Ng3+ 35. Kg1 Ba7+ 36. Rf2 Ne4 37. Nd3 Bb5 0-1

[Event "Novosibirsk"]
[Site "Novosibirsk"]
[Date "1995.??.??"]
[Round "3"]
[White "Svidler, Peter"]
[Black "Beliavsky, Alexander G"]
[Result "1/2-1/2"]
[WhiteElo "2635"]
[BlackElo "2650"]
[PlyCount "48"]
[EventDate "1995.10.??"]
[Source "ChessBase"]

1. e4 e6 2. d4 d5 3. e5 c5 4. c3 Qb6 5. Nf3 Nc6 6. a3 Nh6 7. b4 cxd4 8. cxd4 Nf5 9. Bb2 Bd7 10. h4 Be7 11. g4 Nh6 12. Rg1 f6 13. exf6 gxf6 14. Bd3 Nf7 15. Qe2 O-O-O 16. Nc3 Kb8 17. Rc1 Rc8 18. Na4 Qd8 19. Nc5 Bxc5 20. Rxc5 Nd6 21. g5 Ka8 22. b5 Na5 23. gxf6 Qxf6 24. Ne5 Qe7 1/2-1/2

[Event "Nederland (ch)"]
[Site "?"]
[Date "1997.??.??"]
[Round "?"]
[White "Timman, J."]
[Black "Nikolic, P."]
[Result "1/2-1/2"]
[WhiteElo "2630"]
[BlackElo "2655"]
[PlyCount "69"]
[EventDate "1997.??.??"]
[Source "ChessBase"]
[SourceDate "1997.06.01"]

1. e4 c5 2. c3 e6 3. d4 d5 4. e5 Bd7 5. Nf3 Nc6 6. Be2 f6 7. O-O fxe5 8. Nxe5 Nxe5 9. dxe5 Qc7 10. c4 O-O-O 11. cxd5 Qxe5 12. Bf3 exd5 13. Re1 Qd6 14. Nc3 Nf6 15. b4 Bc6 16. bxc5 Qxc5 17. Bd2 Kb8 18. Rc1 Qa3 19. Rb1 Bd6 20. Nb5 Bxb5 21. Rxb5 Qxa2 22. Bg5 a6 23. Rb3 Rhe8 24. Rf1 Qa5 25. Bd2 Qc7 26. Qa1 Bxh2+ 27. Kh1 Be5 28. Qxa6 Rd6 29. Qa2 Ree6 30. Rfb1 Ra6 31. Rxb7+ Qxb7 32. Rxb7+ Kxb7 33. Bxd5+ Kb8 34. Bxe6 Rxa2 35. Bxa2 1/2-1/2

[Event "Goodricke 11th op"]
[Site "Calcutta"]
[Date "2000.02.15"]
[Round "10"]
[White "Peng Xiaomin"]
[Black "Kortschnoj, Viktor"]
[Result "1/2-1/2"]
[WhiteElo "2624"]
[BlackElo "2659"]
[PlyCount "46"]
[EventDate "2000.02.05"]
[Source "ChessBase"]
[SourceDate "2000.03.10"]

1. e4 e6 2. d4 d5 3. e5 c5 4. c3 Qb6 5. Nf3 Nc6 6. a3 Nge7 7. b4 cxd4 8. cxd4 Nf5 9. Bb2 Bd7 10. g4 Nfe7 11. Nc3 h5 12. g5 Ng6 13. Na4 Qd8 14. Rc1 Be7 15. Rg1 O-O 16. h4 a5 17. b5 Na7 18. Qb3 Nc8 19. Bc3 Nxh4 20. Nxh4 Bxg5 21. Qd1 Bxc1 22. Qxh5 Be8 23. Bd3 f5 1/2-1/2